000 00886nam a22002417a 4500
999 _c14875
_d14875
003 MIRAKIL
005 20220407132114.0
008 220407b tu ||||| |||| 00| 0 tur d
020 _a9786057764348
040 _aTR-AnCHP
_cTR-AnCHP
041 _atur
082 _a302.35
_bD52b 2020
100 _aChristian, Diana Leafe
245 1 0 _aBirlikte bir yaşam kurmak :
_bekoköyler ve niyetli topluluklar için pratik bilgiler /
_cDiana Leafe Christian ; çevirmen: Zeliha Yıldırım
246 _aekoköyler ve niyetli topluluklar için pratik bilgiler
260 _aİstanbul:
_bYeni İnsan Yayınevi,
_c2020.
300 _a416 sayfa ;
_c22 sm.
490 0 _aYeni İnsan Yayınevi:
_aEkoloji Serisi:
_v244.
_v57.
504 _aKaynakça vardır.
650 0 _96158
_aToplumsal yaşam
740 _aekoköyler ve niyetli topluluklar için pratik bilgiler
942 _2ddc
_cBKS